00313nam a22001217a 4500008004100000020002200041100003400063245002800097250001300125260003300138300000800171546001200179230504b |||||||| |||| 00| 0 eng d a978-81-317-2121-6 aS. P. Robbins & A. J. Timothy aOrganizational Behavior a13th Ed. aNew DelhibPearson Pubc2009 a782 aEnglish